| 000 | 00579nam a2200193Ia 4500 | ||
|---|---|---|---|
| 008 | 151119s9999||||xx |||||||||||||| ||und|| | ||
| 082 | _a915.4 | ||
| 082 | _bGKKV13898 | ||
| 100 | _aनारायण वियोगी | ||
| 245 | _aनर्मदेहर नर्मदा | ||
| 260 | _a-- | ||
| 260 | _b-- | ||
| 260 | _c0 | ||
| 600 | _aनारायण वियोगी | ||
| 630 | _aनर्मदेहर नर्मदा | ||
| 700 | _aनारायण वियोगी | ||
| 730 | _aनर्मदेहर नर्मदा | ||
| 942 | _cBOOK | ||
| 999 |
_c1067488 _d1067485 |
||